| 000 | 00855cab a2200217 4500 | ||
|---|---|---|---|
| 001 | WB2442-16 | ||
| 008 | 090401t1988 xxu||||| |||| 00| 0 eng d | ||
| 035 | _a(Sirsi) u54145 | ||
| 041 | _aeng | ||
| 245 | _aInterim payments | ||
| 260 | _c1988 | ||
| 350 | _a0 | ||
| 490 |
_aTimes _v19/10/88 p44 |
||
| 520 | _aIn Shanning International Ltd v George Wimpey International Ltd CA 8 September 1988 it was held that on an application for an interim payment , the court had first to satisfy itself that the plaintiff would succeed in obtaining judgment for a substantial sum and only then proceed to decide whether as a matter of discretion an interim payment should be ordered. | ||
| 650 | _aBUILDING CONTRACTOR | ||
| 650 | _aSET OFF | ||
| 650 | _aSUBCONTRACTORS | ||
| 690 | _aBUILDING AND CONSTRUCTION-CASE LAW | ||
| 942 | _n0 | ||
| 948 | _c04/03/1997 | ||
| 999 |
_c33201 _d33201 |
||